The letter to the Ephesians. (Record no. 5846)

000 -LEADER
fixed length control field 00535nam a2200181 a 4500
001 - CONTROL NUMBER
control field :::00003588$&:&@@
003 - CONTROL NUMBER IDENTIFIER
control field OkBaRHE
005 - DATE AND TIME OF LATEST TRANSACTION
control field 20000607103308.0
008 - FIXED-LENGTH DATA ELEMENTS--GENERAL INFORMATION
fixed length control field s1963 j 000 0 eng u
040 ## - CATALOGING SOURCE
Transcribing agency
100 1# - MAIN ENTRY--PERSONAL NAME
Personal name Vaughan, W. Curtis.
245 14 - TITLE STATEMENT
Title The letter to the Ephesians.
260 ## - PUBLICATION, DISTRIBUTION, ETC. (IMPRINT)
Place of publication, distribution, etc Nashville, TN., :
Name of publisher, distributor, etc Convention Press
Date of publication, distribution, etc 1963
300 ## - PHYSICAL DESCRIPTION
Extent 146 p.
650 ## - SUBJECT ADDED ENTRY--TOPICAL TERM
Topical term or geographic name as entry element Bible New Testament Ephesians
942 ## - ADDED ENTRY ELEMENTS (KOHA)
Source of classification or shelving scheme
Koha item type Books
Copies
Copy number Date acquired Not for loan Price effective from Damaged status Shelving location Permanent Location Koha item type Source of classification or shelving scheme Full call number Date last seen Withdrawn status Barcode Lost status
12010-04-14 2010-04-14 General StacksRHEMA Bible Training CollegeBooks BS 2695 .V22018-04-03 3588